| 000 | 01041cam a22001814a 4500 | ||
|---|---|---|---|
| 005 | 20250605163941.0 | ||
| 008 | 250528s ||||||||||||||||||||||||d | ||
| 035 | _a15014 | ||
| 040 |
_aGR-AtMCL _bgre _dGR-AtMCL _eAACR2 |
||
| 245 | 1 | _aΜάθε τον Computer / Διδασκαλία - Λειτουργία - Ανάλυση | |
| 260 |
_bΑθήνα, _c1985 |
||
| 300 | _a288 | ||
| 520 | _aΜάθε Πρόγραμμα από Ανάλυση μέχρι Τέλειες Εφαρμογές. Τι είναι ο Computer, Συστήματα Αριθμών, Δυαδική Λογική, Συνδυασμός Λογικών Κυκλωμάτων, Λογική εν σειρά, Αριθμητική Λογική, Μνήμες, Οργάνωση του Computer, Περιφερειακά Ηλεκτρονικού Υπολογιστή, Computer Programming, Επίλογος, Πίνακας Μνημών, Συντομογραφίες, Computer Buzzwords. | ||
| 700 | 1 |
_aΠέππας Διονύσης _9844 |
|
| 942 | _cBK | ||
| 999 |
_c619 _d619 |
||